00869nam a2200193Ia 4500008004100000020001500041041001200056082001100068100001500079245008700094260002500181300000900206650001500215700001900230942000700249999001500256952019600271952020800467221030s9999 xx 000 0 und d a007065994X aEnglish a105.23 aF. P. Beer 0aVector Mechanics For Engineers - Statics & Dynamicscby F. P. Beer, E. R. Johnston bTMHaNew Delhic2010 a1326 aMechanical aE. R. Johnston cBK c9134d9134 pBE 10840g395.00i343l0o105.23 eDurga Books, Amritsarr2024-06-13 00:00:00w2022-10-30yBK003Print4070aMIETLIBbMIETLIBcBL-Academic Block B, FL-1, CUP-1, SH-3, R-3d2010-07-0310HBE pBE 10841g395.00i343l1o105.23 eDurga Books, Amritsarr2026-04-16 15:02:04s2026-03-31w2022-10-30yBK003Print4070aMIETLIBbMIETLIBcBL-Academic Block A, FL-1, CUP-5, SH-1, R-1d2010-07-0310HBE